1041 1213 1384 1886 1208 1082 1435 1341 1040 1133 1329 1072 1628 1992 1671 1953 1507 1957 1147 1230 1421 1664 1040 1374 1625 1079 1893 1295 1317 1480 1725 1700 1599 1121 1498 1101 1665 1776 1772 1787 1657 1349 1018 1071 1931 1322 1985 1887 1678 1330 1360 1094 1197 1730 1019 1365 1384 1226 1358 1737 1850 1945 1082 1417 1840 1936 1178 1224 1900 1344 1472 1596 1423 1257 1120 1071 1054 1803 1847 1897 1967 1886 1862 1521 1064 1680 1574 1391 1098 1780 1644 1187 1867 1835 1209 1400 1562 1321 1396 BCNSPRNW ULIB Ver.6.0+V

เปลี่ยนเป็นภาษาไทย

Change to English
 แสดงรายละเอียดบรรณานุกรม
  กลับหน้าหลัก

Brief Record : Get Marc (ISO 2709) : E-mail record : QR code < ปิดหน้าต่าง
LEADER : 00000nam 2200000uu 4500
001    13399127577
003     ULIB
008    210215s2561||||th 000 0 tha d
020    ^a9786164261211
060    ^aWG169 จ171ศ
100    ^aจรัญ สายะสถิตย์
245    ^aศัลยศาสตร์โรคหัวใจที่พบบ่อย = Common cardiac surgery
250    ^aฉบับปรับปรุง พิมพ์ครั้งที่ 2
260    ^aพิษณุโลก :^bสำนัักพิมพ์มหาวิทยาลัยนเรศวร,^c2561
300    ^a176 หน้า :^bภาพประกอบ ;^c26 ซม.
650    ^aหัวใจ -- โรค -- การรักษา
945    ^p350^l0^i28579
945    ^p350^l0^i28580
945    ^p350^l0^i28581
945    ^p350^l0^i28582
945    ^p350^l0^i28583
999    ^aกัณชพร จุลอักษร
รายการนี้ยังไม่มีแท็ก
คุณยังไม่ได้ล็อกอิน คุณสามารถมีกิจกรรมร่วมกับเว็บไซต์ได้ แต่ต้องล็อกอินก่อน ::
  ล็อกอิน

รายการสื่อสารสนเทศ

ลำดับที่ ประเภท เลขเรียก/บาร์โค้ด สถานที่ สถานะ
1. หนังสือสำรอง
หนังสือสำรอง
WG169 จ171ศ ฉ.1 
  Barcode: 28579
ห้องสมุดวิทยาเขตนครสวรรค์
►หนังสือทั่วไป:l:General Books
บนชั้น
2. วิทยาศาสตร์การแพทย์ และสุขภาพ
วิทยาศาสตร์การแพทย์ และสุขภาพ
WG169 จ171ศ ฉ.2 
  Barcode: 28580
ห้องสมุดวิทยาเขตนครสวรรค์
►หนังสือทั่วไป:l:General Books
บนชั้น
3. วิทยาศาสตร์การแพทย์ และสุขภาพ
วิทยาศาสตร์การแพทย์ และสุขภาพ
WG169 จ171ศ ฉ.3 
  Barcode: 28581
ห้องสมุดวิทยาเขตนครสวรรค์
►หนังสือทั่วไป:l:General Books
บนชั้น
4. วิทยาศาสตร์การแพทย์ และสุขภาพ
วิทยาศาสตร์การแพทย์ และสุขภาพ
WG169 จ171ศ ฉ.4 
  Barcode: 28582
ห้องสมุดวิทยาเขตนครสวรรค์
►หนังสือทั่วไป:l:General Books
บนชั้น
5. วิทยาศาสตร์การแพทย์ และสุขภาพ
วิทยาศาสตร์การแพทย์ และสุขภาพ
WG169 จ171ศ ฉ.5 
  Barcode: 28583
ห้องสมุดวิทยาเขตนครสวรรค์
►หนังสือทั่วไป:l:General Books
บนชั้น

รายการใกล้เคียง
    ชื่อเรื่อง [ศัลยศาสตร์โรคหัวใจที่พบบ่อย = Common cardiac surgery]

    ผู้แต่ง [จรัญ สายะสถิตย์]

    หัวเรื่อง [หัวใจ -- โรค -- การรักษา]

BibComment


ยังไม่เคยถูกคอมเมนท์

คอมเมนท์ทรัพยากรรายการนี้
  คอมเมนท์: ศัลยศาสตร์โรคหัว..


 Copyright 2026. Bcnsprnw @Library